Identifying welfare effects from subjective questions (Record no. 283312)

000 -LEADER
fixed length control field 00409cam a22001217a 4500
008 - FIXED-LENGTH DATA ELEMENTS--GENERAL INFORMATION
fixed length control field 180718b2000 xxu||||| |||| 00| 0 eng d
100 ## - MAIN ENTRY--PERSONAL NAME
Personal name Ravallion,Martin
245 ## - TITLE STATEMENT
Title Identifying welfare effects from subjective questions
Statement of responsibility, etc. by Martin Ravallion and Michael Lokshin
260 ## - PUBLICATION, DISTRIBUTION, ETC.
Place of publication, distribution, etc. Washington, D.C.
Name of publisher, distributor, etc. World Bank
Date of publication, distribution, etc. 2000
300 ## - PHYSICAL DESCRIPTION
Extent 37p.
440 ## - SERIES STATEMENT/ADDED ENTRY--TITLE
Title Policy research working paper 2301
700 ## - ADDED ENTRY--PERSONAL NAME
Personal name Lokshin, Michael
Holdings
Withdrawn status Lost status Damaged status Not for loan Permanent Location Current Location Date acquired Barcode Date last seen Price effective from Koha item type
        Indian Institute of Public Administration Indian Institute of Public Administration 2001-01-17 WB8415 2018-07-20 2018-07-20 WB

Powered by Koha